Rettenetes, avagy tanuljunk a fecskéktől
Elmentve itt :
| Szerző: | |
|---|---|
| Adatforrás: | Meister |
| Forrásdokumentuma: | A Hét. - 23-24 sz., 1995, 11-12 p. |
| Nyelv: | magyar |
| Kulcsszavak: | filozófia csecsenek oroszok |
| LEADER | 00384nab a2200145 i 4500 | ||
|---|---|---|---|
| 001 | bibPRO00006837 | ||
| 008 | 060524s1995 xx hun | ||
| 040 | |a Sz1 | ||
| 041 | |a hun | ||
| 100 | 1 | |a KONRÁD György | |
| 245 | 1 | 0 | |a Rettenetes, avagy tanuljunk a fecskéktől |c KONRÁD György |
| 695 | |a filozófia | ||
| 695 | |a csecsenek | ||
| 695 | |a oroszok | ||
| 773 | 0 | |t A Hét. - |g 23-24 sz., 1995, 11-12 p. | |